| 000 | 00574cam a2200205 a 4500 | ||
|---|---|---|---|
| 001 | 1893775 | ||
| 005 | 20240208010213.0 | ||
| 008 | 830824s1983 ce af b 001 0 eng | ||
| 020 | _a195613899 : | ||
| 040 |
_aDLC _cDLC _dDLC |
||
| 082 | 0 | 0 |
_a306.6 _219 _bMIC. |
| 100 | 1 | _aCarrithers, Michael. | |
| 245 | 1 | 4 |
_aThe forest monks of Sri Lanka : _ban anthropological and historical study / _cMichael Carrithers. |
| 260 |
_aDelhi : _bOxford, _c1983. |
||
| 300 | _axii, 306 p., | ||
| 500 | _aIncludes index. | ||
| 650 | 0 | _aBuddhist monks | |
| 650 | 0 | _aSpiritual life | |
| 942 | _cL | ||
| 999 |
_c328 _d328 |
||